<?xml version="1.0" encoding="UTF-8"?><?xml-stylesheet type="text/xsl" href="static/style.xsl"?><OAI-PMH xmlns="http://www.openarchives.org/OAI/2.0/" xmlns:xsi="http://www.w3.org/2001/XMLSchema-instance" xsi:schemaLocation="http://www.openarchives.org/OAI/2.0/ http://www.openarchives.org/OAI/2.0/OAI-PMH.xsd"><responseDate>2026-04-30T00:19:39Z</responseDate><request verb="GetRecord" identifier="oai:uvadoc.uva.es:10324/34077" metadataPrefix="marc">https://uvadoc.uva.es/oai/request</request><GetRecord><record><header><identifier>oai:uvadoc.uva.es:10324/34077</identifier><datestamp>2021-06-29T23:21:28Z</datestamp><setSpec>com_10324_38</setSpec><setSpec>col_10324_852</setSpec></header><metadata><record xmlns="http://www.loc.gov/MARC21/slim" xmlns:doc="http://www.lyncode.com/xoai" xmlns:xsi="http://www.w3.org/2001/XMLSchema-instance" xmlns:dcterms="http://purl.org/dc/terms/" xsi:schemaLocation="http://www.loc.gov/MARC21/slim http://www.loc.gov/standards/marcxml/schema/MARC21slim.xsd">
<leader>00925njm 22002777a 4500</leader>
<datafield tag="042" ind1=" " ind2=" ">
<subfield code="a">dc</subfield>
</datafield>
<datafield tag="720" ind1=" " ind2=" ">
<subfield code="a">Escudero Fernández, Marta</subfield>
<subfield code="e">author</subfield>
</datafield>
<datafield tag="260" ind1=" " ind2=" ">
<subfield code="c">2018</subfield>
</datafield>
<datafield tag="520" ind1=" " ind2=" ">
<subfield code="a">China ha experimentado uno de los cambios más sorprendentes a nivel económico, social y medioambiental tras las reformas emprendidas a partir de 1978. El objetivo de este trabajo es establecer cuáles han sido las causas y los factores responsables de su sorprendente posicionamiento como la segunda economía mundial, y cómo esto ha incidido en las variables económicas más representativas. A su vez, se establecen las razones de los procesos de localización empresarial de empresas extranjeras en el país. Por último, se analizan los motivos que están incidiendo para que cada vez más firmas se deslocalicen hacia otros países, y cuáles son los aspectos favorables de cada uno de ellos.</subfield>
</datafield>
<datafield tag="520" ind1=" " ind2=" ">
<subfield code="a">China has undergone one of the most impressive changes in terms of economy,&#xd;
society and environment, after the reformations that started in 1978.&#xd;
The aim of this paper is to establish which have been the causes and the&#xd;
factors that originated its ranking as the second best economy in the world, and&#xd;
how this influenced in the most representative economical variables. Likewise,&#xd;
the reasons of the positioning of foreigner companies in the country are&#xd;
identified. Lastly, the factors that are influencing more and more firms to move&#xd;
to other countries are analysed, and which aspects companies see in each of&#xd;
them.</subfield>
</datafield>
<datafield tag="024" ind2=" " ind1="8">
<subfield code="a">http://uvadoc.uva.es/handle/10324/34077</subfield>
</datafield>
<datafield ind1=" " ind2=" " tag="653">
<subfield code="a">China - Condiciones económicas</subfield>
</datafield>
<datafield ind1=" " ind2=" " tag="653">
<subfield code="a">Industria - Localización</subfield>
</datafield>
<datafield tag="245" ind1="0" ind2="0">
<subfield code="a">China desde 1978 hasta la actualidad : procesos de localización y deslocalización empresarial</subfield>
</datafield>
</record></metadata></record></GetRecord></OAI-PMH>